<?xml version="1.0" encoding="UTF-8"?>
<record
    xmlns:xsi="http://www.w3.org/2001/XMLSchema-instance"
    xsi:schemaLocation="http://www.loc.gov/MARC21/slim http://www.loc.gov/standards/marcxml/schema/MARC21slim.xsd"
    xmlns="http://www.loc.gov/MARC21/slim">

  <leader>00854nam a2200265 i 4500</leader>
  <controlfield tag="001">C2-0305603</controlfield>
  <controlfield tag="003">PPAK</controlfield>
  <controlfield tag="005">20180728090919.0</controlfield>
  <controlfield tag="008">100826s2010    my a|||| |||||  |   may d</controlfield>
  <datafield tag="020" ind1=" " ind2=" ">
    <subfield code="a">9789675262722</subfield>
  </datafield>
  <datafield tag="040" ind1=" " ind2=" ">
    <subfield code="a">PPAK</subfield>
    <subfield code="b">eng</subfield>
    <subfield code="c">PPAK</subfield>
    <subfield code="e">rda</subfield>
  </datafield>
  <datafield tag="082" ind1="0" ind2="4">
    <subfield code="a">320.9595</subfield>
    <subfield code="2">23</subfield>
  </datafield>
  <datafield tag="090" ind1="0" ind2="0">
    <subfield code="a">320.9595</subfield>
    <subfield code="b">NUR</subfield>
    <subfield code="d">K</subfield>
  </datafield>
  <datafield tag="100" ind1="0" ind2=" ">
    <subfield code="a">Nurul 'Ula Noor Aaisa, </subfield>
    <subfield code="e">author</subfield>
  </datafield>
  <datafield tag="245" ind1="1" ind2="0">
    <subfield code="a">Nilai meritokrasi</subfield>
  </datafield>
  <datafield tag="264" ind1=" " ind2="1">
    <subfield code="a">Petaling Jaya, Selangor : </subfield>
    <subfield code="b">Edition Plus , </subfield>
    <subfield code="c">2010</subfield>
  </datafield>
  <datafield tag="300" ind1=" " ind2=" ">
    <subfield code="a">28 pages : </subfield>
    <subfield code="b">colour illustrations ; </subfield>
    <subfield code="c">22 cm</subfield>
  </datafield>
  <datafield tag="336" ind1=" " ind2=" ">
    <subfield code="2">rdacontent</subfield>
    <subfield code="a">text</subfield>
  </datafield>
  <datafield tag="337" ind1=" " ind2=" ">
    <subfield code="2">rdamedia</subfield>
    <subfield code="a">unmediated</subfield>
  </datafield>
  <datafield tag="338" ind1=" " ind2=" ">
    <subfield code="2">rdacarrier</subfield>
    <subfield code="a">volume</subfield>
  </datafield>
  <datafield tag="490" ind1="1" ind2=" ">
    <subfield code="a">Siri nilai dalam 1Malaysia</subfield>
  </datafield>
  <datafield tag="650" ind1="1" ind2="0">
    <subfield code="a">Malaysia - Race relations - Juvenile literature. ; Malaysia - Politics and government - Juvenile literature.</subfield>
  </datafield>
  <datafield tag="830" ind1=" " ind2="0">
    <subfield code="a">Siri nilai dalam 1Malaysia</subfield>
  </datafield>
  <datafield tag="942" ind1=" " ind2=" ">
    <subfield code="d">dc</subfield>
    <subfield code="c">B</subfield>
  </datafield>
  <datafield tag="999" ind1=" " ind2=" ">
    <subfield code="c">108599</subfield>
    <subfield code="d">108599</subfield>
  </datafield>
  <datafield tag="952" ind1=" " ind2=" ">
    <subfield code="0">0</subfield>
    <subfield code="7">0</subfield>
    <subfield code="b">PPAK</subfield>
    <subfield code="c">K</subfield>
    <subfield code="d">2010-08-26</subfield>
    <subfield code="o">K 320.9595 NUR</subfield>
    <subfield code="p">A01341181</subfield>
    <subfield code="r">2018-05-09 00:00:00</subfield>
    <subfield code="y">B</subfield>
  </datafield>
  <datafield tag="952" ind1=" " ind2=" ">
    <subfield code="0">0</subfield>
    <subfield code="7">0</subfield>
    <subfield code="b">JT</subfield>
    <subfield code="c">K</subfield>
    <subfield code="d">2010-08-26</subfield>
    <subfield code="o">K 320.9595 NUR</subfield>
    <subfield code="p">A01341182</subfield>
    <subfield code="r">2018-05-09 00:00:00</subfield>
    <subfield code="y">B</subfield>
  </datafield>
  <datafield tag="952" ind1=" " ind2=" ">
    <subfield code="0">0</subfield>
    <subfield code="7">0</subfield>
    <subfield code="b">KM</subfield>
    <subfield code="c">K</subfield>
    <subfield code="d">2010-08-26</subfield>
    <subfield code="o">K 320.9595 NUR</subfield>
    <subfield code="p">A01341183</subfield>
    <subfield code="r">2018-05-09 00:00:00</subfield>
    <subfield code="y">B</subfield>
  </datafield>
  <datafield tag="952" ind1=" " ind2=" ">
    <subfield code="0">0</subfield>
    <subfield code="7">0</subfield>
    <subfield code="b">BL</subfield>
    <subfield code="c">K</subfield>
    <subfield code="d">2010-08-26</subfield>
    <subfield code="o">K 320.9595 NUR</subfield>
    <subfield code="p">A01341184</subfield>
    <subfield code="r">2018-05-09 00:00:00</subfield>
    <subfield code="y">B</subfield>
  </datafield>
  <datafield tag="952" ind1=" " ind2=" ">
    <subfield code="0">0</subfield>
    <subfield code="7">0</subfield>
    <subfield code="b">KK</subfield>
    <subfield code="c">K</subfield>
    <subfield code="d">2010-08-26</subfield>
    <subfield code="o">K 320.9595 NUR</subfield>
    <subfield code="p">A01341185</subfield>
    <subfield code="r">2018-05-09 00:00:00</subfield>
    <subfield code="y">B</subfield>
  </datafield>
  <datafield tag="952" ind1=" " ind2=" ">
    <subfield code="0">0</subfield>
    <subfield code="7">0</subfield>
    <subfield code="b">BB</subfield>
    <subfield code="c">K</subfield>
    <subfield code="d">2010-08-26</subfield>
    <subfield code="o">K 320.9595 NUR</subfield>
    <subfield code="p">A01341186</subfield>
    <subfield code="r">2018-05-09 00:00:00</subfield>
    <subfield code="y">B</subfield>
  </datafield>
  <datafield tag="952" ind1=" " ind2=" ">
    <subfield code="0">0</subfield>
    <subfield code="7">0</subfield>
    <subfield code="b">MR</subfield>
    <subfield code="c">K</subfield>
    <subfield code="d">2010-08-26</subfield>
    <subfield code="o">K 320.9595 NUR</subfield>
    <subfield code="p">A01341187</subfield>
    <subfield code="r">2018-05-09 00:00:00</subfield>
    <subfield code="y">B</subfield>
  </datafield>
</record>
